00453nam a2200133Ia 4500008004100000020001500041041000800056082001800064100003000082245016200112250000600274260003100280300000800311210716s9999 xx 000 0 und d a0671871072 aeng a331.2592 DAVS aDavis, Stan; Botkin, Jim. aMonster under the bed: how business is mastering the opportunity of knowledge for profit.bHow business is mastering the opportunity of knowledge for profit. a1 aNew YorkbSimon & Schuster a189